000
00299nam a22001217a 4500
008
190227b xxu||||| |||| 00| 0 eng d
041
_a
eng
080
_2
3rd
_a
038
100
_a
23
101
_a
FJA
245
_a
The American Heritage College Dictionary
_c
Houghton Mifflin Company
942
_2
udc
_c
BK
999
_c
54377
_d
54377